01064nab a22002057a 4500003000400000005001700004008004100021040000700062100002900069245013700098260007200235300001300307500003800320505022400358505008900582650002000671650001600691650001900707773013200726OSt20230725111901.0190605e xxu||||| |||| 00| 0 spa d cPJ aMosquera, Gerardo Raúl13aEl monotributo como herramienta de fraude laboral :bnecesidad de una respuesta disruptiva y disuasiva /cGerardo Raúl Mosquera. aCiudad Autónoma de Buenos Aires :bThomson Reuters La Ley,c2023. ap. 52-64 aCita: TR LALEY AR/DOC/3216/2022  aSumario: I. Introducción.— II. El monotributo y sus categorías.— III. Monotributo y fraude laboral.— IV. Algunas propuestas disruptivas y disuasivas para combatir el fraude laboral.— V. Reflexiones finales.  t¿Te interesa el texto completo? Solicitalo al correo: koha@justierradelfuego.gov.ar 0aDERECHO LABORAL 0aMONOTRIBUTO 0aFRAUDE LABORAL0 02711dCiudad Autónoma de Buenos Aires : Thomson Reuters La Ley, 1999-2002.tRevista de derecho del trabajo. Nº1 - Enero 2023